000 00319nam a22001457a 4500
008 210310b ||||| |||| 00| 0 eng d
020 _a9781133690030
041 _aeng
080 _28th
_a510
082 _a510
100 _a36
101 _aMAT
245 _aCollege Algebra Alternate
_cLarson, R
942 _2udc
_cBK
999 _c56280
_d56280